000 00202nam a22000857a 4500
008 170131b xxu||||| |||| 00| 0 eng d
100 _92715
_aTayal.B.B.
245 _aSocial Science
260 _aNew Delhi
_c2016
999 _c5879
_d5879